Ricostruisci la Carriera del Calciatore - Adam Masina - Statistics

Statistiche generali
  • Questo quiz è stato fatto 30 volte
  • Il punteggio medio è 3 su 5
Statistiche sulle risposte
Hint Risposta % Corretto
2012-2013 Giacomense
89%
2024- Torino
74%
2022-2024 Udinese
63%
2013-2018 Bologna
58%
2018-2022 Watford
58%
Nessun quiz corrispondente trovato
Distribuzione punteggi
Percentuale di utenti per punteggio
Percentile per numero di risposta
I tuoi punteggi nel tempo
Non hai fatto questo quiz